000 00853nam a2200277Ia 4500
003 GCL
008 140319s9999 xx 000 0 ara d
040 _aGCL /
_cGCL
082 0 4 _aق
_b301.154
_bا ع
100 1 _aانشراح الشال
245 1 0 _aعلاقة سكان القاهرة بنشرات اخبار التليفزيون المصرى /
_cانشراح الشال
260 _a[S.N] :
_bدار الطباعى العربى ،
_c1986
300 _a333 ص
490 _a
650 0 4 _aمصر
650 0 4 _aالتليفزيون
650 0 4 _aالسكان
650 0 4 _aالاعلام
650 0 4 _aوسائل الاعلام
650 0 4 _aبرامج التليفزيون
650 0 4 _aالراى العام
650 0 4 _aالقاهرة
650 0 4 _aالخدمات العامة
650 0 4 _aالخدمات
942 _2ddc
_cBK
999 _c32016
_d32016